Получение пористой стеклокерамики на основе отходов обогащения медно-цинковой руды; Проблемы геологии и освоения недр; Т. 2

Bibliographic Details
Parent link:Проблемы геологии и освоения недр: труды XXI Международного симпозиума имени академика М. А. Усова студентов и молодых ученых, посвященного 130-летию со дня рождения профессора М. И. Кучина, Томск, 3-7 апреля 2017 г./ Национальный исследовательский Томский политехнический университет (ТПУ), Институт природных ресурсов (ИПР) ; под ред. А. С. Боева.— , 2017
Т. 2.— 2017.— [С. 374-375]
Main Author: Казьмина О. В. Ольга Викторовна
Corporate Author: Национальный исследовательский Томский политехнический университет (ТПУ) Институт физики высоких технологий (ИФВТ) Кафедра технологии силикатов и наноматериалов (ТСН)
Other Authors: Семке А. П., Мисковец А. Ю.
Summary:Заглавие с экрана
Language:Russian
Published: 2017
Series:Комплексное использование минерального сырья
Subjects:
Online Access:http://earchive.tpu.ru/handle/11683/42134
Format: Electronic Book Chapter
KOHA link:https://koha.lib.tpu.ru/cgi-bin/koha/opac-detail.pl?biblionumber=623395

MARC

LEADER 00000naa2a2200000 4500
001 623395
005 20231223162219.0
035 |a (RuTPU)RU\TPU\conf\22343 
035 |a RU\TPU\conf\22342 
090 |a 623395 
100 |a 20170816d2017 k y0rusy50 ca 
101 0 |a rus 
102 |a RU 
105 |a y z 100zy 
135 |a drgn ---uucaa 
181 0 |a i  
182 0 |a b 
200 1 |a Получение пористой стеклокерамики на основе отходов обогащения медно-цинковой руды  |f О. В. Казьмина, А. П. Семке, А. Ю. Мисковец 
203 |a Текст  |c электронный 
225 1 |a Комплексное использование минерального сырья 
300 |a Заглавие с экрана 
320 |a [Библиогр.: с. 375 (12 назв.)] 
461 1 |0 (RuTPU)RU\TPU\conf\21932  |t Проблемы геологии и освоения недр  |o труды XXI Международного симпозиума имени академика М. А. Усова студентов и молодых ученых, посвященного 130-летию со дня рождения профессора М. И. Кучина, Томск, 3-7 апреля 2017 г.  |o в 2 т.  |f Национальный исследовательский Томский политехнический университет (ТПУ), Институт природных ресурсов (ИПР) ; под ред. А. С. Боева  |d 2017 
463 1 |0 (RuTPU)RU\TPU\conf\21938  |t Т. 2  |v [С. 374-375]  |d 2017 
610 1 |a труды учёных ТПУ 
610 1 |a электронный ресурс 
610 1 |a стеклокерамика 
610 1 |a пористая стеклокерамика 
610 1 |a отходы 
610 1 |a обогащение 
610 1 |a медно-цинковые руды 
610 1 |a горнодобывающая промышленность 
610 1 |a хвостохранилища 
610 1 |a хвосты 
610 1 |a пористые материалы 
610 1 |a стеклокристаллические материалы 
610 1 |a низкотемпературная технология 
700 1 |a Казьмина  |b О. В.  |c химик-технолог  |c профессор Томского политехнического университета, доктор технических наук  |f 1967-  |g Ольга Викторовна  |3 (RuTPU)RU\TPU\pers\26196  |9 12004 
701 1 |a Семке  |b А. П. 
701 1 |a Мисковец  |b А. Ю. 
712 0 2 |a Национальный исследовательский Томский политехнический университет (ТПУ)  |b Институт физики высоких технологий (ИФВТ)  |b Кафедра технологии силикатов и наноматериалов (ТСН)  |3 (RuTPU)RU\TPU\col\18694 
801 2 |a RU  |b 63413507  |c 20170905  |g RCR 
856 4 |u http://earchive.tpu.ru/handle/11683/42134 
942 |c BK